[Event "Autumn Standard"]
[Site "SchemingMind.com"]
[Date "2008.09.06"]
[Round "-"]
[White "Artur"]
[Black "ThulsaDoom"]
[Result "1-0"]
[WhiteCountry "POL"]
[BlackCountry "USA"]
[WhiteElo "1874"]
[WhiteRD "94"]
[BlackElo "1797"]
[BlackRD "109"]
[GameID "170051"]

1. e4 e5 2. Nf3 Nc6 3. Bc4 Bc5 4. c3 Nf6 5. d4 exd4 6. cxd4 Bb4+ 7. Bd2 Bxd2+ 8. Nbxd2 d5 9. exd5 Nxd5 10. O-O O-O
11. Re1 Nb6 12. d5 Nxd5 13. Nb3 Nf6 14. Bb5 Bg4 15. Bxc6 bxc6 16. Nbd2 Re8 17. Rc1 Qd5 18. Qa4 Rxe1+ 19. Rxe1 a5 20. Nd4 c5
21. N4b3 Bd7 22. Qc4 Qxc4 23. Nxc4 Be6 24. Nbxa5 Bxc4 25. Nxc4 Rxa2 26. f3 Kf8 27. Re5 Nd7 28. Rd5 Ke7 29. Kf2 Ke6 30. Rd2 Nb6
31. Re2+ Kd5 32. Ne3+ Kc6 33. Nd1 Nd5 34. h4 c4 35. Rc2 Kc5 36. Ne3 Nxe3 37. b4+ Kxb4 38. Rxa2 Nd1+ 39. Ke1 Nc3 40. Rb2+ Ka3
41. Rc2 Kb3 42. Kd2 Nb1+ 43. Kc1 Na3 44. Rb2+ Ka4 45. Kd2 Nb5 46. Kc2 c6 47. h5 c3 48. Ra2+ Kb4 49. Ra6 Nd4+ 50. Kc1 c2
51. Kb2 Kc4 52. Ra3 Nb5 53. Re3 Kd4 54. Re7 Kd3 55. Rxf7 Nd4 56. Rd7
1-0

[Event "Autumn Standard"]
[Site "SchemingMind.com"]
[Date "2008.09.07"]
[Round "-"]
[White "Artur"]
[Black "jessieng"]
[Result "1-0"]
[WhiteCountry "POL"]
[BlackCountry "BRU"]
[WhiteElo "1920"]
[WhiteRD "95"]
[BlackElo "1186"]
[BlackRD "98"]
[GameID "170052"]

1. e4 e5 2. Nf3 d6 3. d4 exd4 4. Nxd4 Nf6 5. Nc3 g6 6. Bg5 Bg7 7. Bc4 O-O 8. O-O c6 9. Re1 b5 10. Bb3 a5
11. a4 b4 12. Nce2 Bb7 13. c3 bxc3 14. Nxc3 Nbd7 15. Rc1 c5 16. Ndb5 Qc8 17. Nxd6 Qc7 18. e5 Qc6 19. Nxb7 Ne8 20. Nd6 Nxd6
21. exd6 Bxc3 22. Rxc3 Kg7 23. Be7 Rfe8 24. Bd5 Qb6 25. Rb3 Qa6 26. Bxa8 Qxa8 27. Rf3 f5 28. Qb3
1-0

[Event "Autumn Standard"]
[Site "SchemingMind.com"]
[Date "2008.09.07"]
[Round "-"]
[White "capablanca"]
[Black "Artur"]
[Result "0-1"]
[WhiteCountry "GER"]
[BlackCountry "POL"]
[WhiteElo "1652"]
[WhiteRD "52"]
[BlackElo "1905"]
[BlackRD "92"]
[GameID "170053"]

1. e4 e5 2. Nf3 Nf6 3. Nxe5 d6 4. Nf3 Nxe4 5. Qe2 Qe7 6. d4 Bg4 7. h3 Bxf3 8. Qxf3 Ng3+ 9. Be2 Nxh1 10. Qxb7 Qh4
11. Qxa8 Qxf2+ 12. Kd2 Qxd4+ 13. Bd3 Qb6 14. Qe4+ Be7 15. Nc3 Nf2 16. Qe3 Qxe3+ 17. Kxe3 Nxd3 18. Kxd3 Kd7 19. Nd5 Bh4 20. Be3 a5
21. Rf1 f6 22. Rf4 Bg5 23. Ra4 Bxe3 24. Nxe3 Nc6 25. c3 Rb8 26. b3 h5 27. Nf5 g5 28. Re4 Ne5+ 29. Kd4 c5+ 30. Ke3 h4
31. Kd2 Ke6 32. Ne3 d5 33. Ra4 Nc6 34. Ng4 f5 35. Ne3 Re8 36. a3 Rb8 37. Kc2 Ke5 38. b4 cxb4 39. axb4 axb4 40. cxb4 Nxb4+
41. Kc3 d4+
0-1

[Event "Autumn Standard"]
[Site "SchemingMind.com"]
[Date "2008.09.06"]
[Round "-"]
[White "Zugzwang"]
[Black "Artur"]
[Result "0-1"]
[WhiteCountry "CAN"]
[BlackCountry "POL"]
[WhiteElo "1469"]
[WhiteRD "62"]
[BlackElo "1905"]
[BlackRD "92"]
[GameID "170054"]

1. d4 d5 2. Nf3 Nf6 3. e3 c5 4. c3 Nc6 5. Bd3 c4 6. Bc2 b5 7. O-O Bg4 8. Nbd2 e5 9. e4 dxe4 10. Nxe4 exd4
11. Re1 Be6 12. cxd4 Nd5 13. Bg5 Be7 14. Bxe7 Ncxe7 15. Neg5 Bg4 16. Qd2 h6 17. Ne5 Be6 18. Nxe6 fxe6 19. Ng6 Nxg6 20. Bxg6+ Kd7
21. Be4 Qf6 22. Bxd5 exd5 23. b3 Rhf8 24. Re2 Rae8 25. Rae1 Rxe2 26. Rxe2 Re8 27. Rxe8 Kxe8 28. bxc4 bxc4 29. a4 Qb6 30. h3 Qb1+
31. Kh2 Qd3 32. Qe1+ Kf7
0-1

[Event "Autumn Standard"]
[Site "SchemingMind.com"]
[Date "2008.09.07"]
[Round "-"]
[White "1tamad"]
[Black "Artur"]
[Result "0-1"]
[WhiteCountry "USA"]
[BlackCountry "POL"]
[WhiteElo "1746"]
[WhiteRD "74"]
[BlackElo "1920"]
[BlackRD "95"]
[GameID "170055"]

1. d4 d5 2. e3 Nf6 3. Bd3 c5 4. c3 c4 5. Bc2 Nc6 6. Ne2 Bg4 7. f3 Bh5 8. O-O e5 9. Nd2 exd4 10. Nxd4 Bc5
11. Qe1 O-O 12. Kh1 Ne5 13. e4 Bg6 14. exd5 Nd3 15. Bxd3 Bxd3 16. b3 Bxf1 17. Qxf1 Bxd4 18. cxd4 cxb3 19. Nxb3 Nxd5 20. Ba3 Re8
21. Qd3 Rc8 22. Nc5 Nf4 23. Qd1 Qg5 24. g3 Re2 25. Ne4 Qh5
0-1

[Event "Autumn Standard"]
[Site "SchemingMind.com"]
[Date "2008.09.06"]
[Round "-"]
[White "slotheman"]
[Black "Artur"]
[Result "1/2-1/2"]
[WhiteCountry "USA"]
[BlackCountry "POL"]
[WhiteElo "1680"]
[WhiteRD "83"]
[BlackElo "1874"]
[BlackRD "94"]
[GameID "170056"]

1. e4 e5 2. Nf3 Nf6 3. Nxe5 d6 4. Nf3 Nxe4 5. Nc3 Nxc3 6. dxc3 Be7 7. Be3 O-O 8. Qd2 Nc6 9. O-O-O Ne5 10. Be2 Be6
11. Kb1 a5 12. Bd4 Bf6 13. h3 Nxf3 14. Bxf3 d5 15. g4 c6 16. Rdg1 Bg5 17. Be3 Bxe3 18. Qxe3 g5 19. h4 h6 20. hxg5 Qxg5
21. Rxh6 Qxe3 22. fxe3 Kg7 23. g5 Rh8 24. Rgh1 Rxh6 25. gxh6+ Kh7 26. Be2 Rg8 27. b3 Rg3 28. Rh5 Rxe3 29. Bd3+ f5 30. c4 dxc4
31. Bxf5+ Bxf5 32. Rxf5 c3 33. a4 Kxh6 34. Rc5 Re1+ 35. Ka2 Re2 36. Rxc3 Re5 37. Ka3 Kg6 38. b4 axb4+ 39. Kxb4 Kf6 40. Ra3 b6
41. c4 Ke6 42. Rd3 Ke7 43. Rh3 Kd7 44. Rh7+ Kc8 45. Rf7=
1/2-1/2

[Event "Autumn Standard"]
[Site "SchemingMind.com"]
[Date "2008.09.06"]
[Round "-"]
[White "ThulsaDoom"]
[Black "Artur"]
[Result "1/2-1/2"]
[WhiteCountry "USA"]
[BlackCountry "POL"]
[WhiteElo "1823"]
[WhiteRD "109"]
[BlackElo "1875"]
[BlackRD "96"]
[GameID "170057"]

1. e4 e5 2. Nf3 Nf6 3. d4 exd4 4. e5 Ne4 5. Qxd4 d5 6. exd6 Nxd6 7. Nc3 Nc6 8. Qf4 Nf5 9. Bb5 Qe7+ 10. Kf1 Qd6
11. Qe4+ Ne7 12. Bf4 Qe6 13. Re1 Qxe4 14. Rxe4 Bf5 15. Bxc6+ bxc6 16. Re2 O-O-O 17. Ne5 Be6 18. Ke1 Nd5 19. Nxd5 Bxd5 20. c4 Bb4+
21. Bd2 Bxd2+ 22. Rxd2 Rhe8 23. Re2 Be6 24. b3 Rd6 25. f4 f6 26. Nf3 Red8 27. Kf2 Bg4 28. Rhe1 Bxf3 29. Kxf3 f5 30. Re7 R8d7
31. Rxd7 Kxd7 32. Re2 Rd3+ 33. Kf2 a5 34. Ke1 a4 35. Rd2 Rxd2 36. Kxd2 axb3 37. axb3 Kd6 38. b4 c5 39. b5 h6 40. h4 Ke6
41. Ke3= Kf6 42. h5 g5 43. g3 gxf4+ 44. gxf4 Ke6=
1/2-1/2

[Event "Autumn Standard"]
[Site "SchemingMind.com"]
[Date "2008.09.06"]
[Round "-"]
[White "cnile"]
[Black "Zugzwang"]
[Result "1-0"]
[WhiteCountry "SCO"]
[BlackCountry "CAN"]
[WhiteElo "1542"]
[WhiteRD "68"]
[BlackElo "1491"]
[BlackRD "59"]
[GameID "170064"]

1. e4 e5 2. Nf3 Nf6 3. Nxe5 d6 4. Nf3 Nxe4 5. Nc3 Nxc3 6. dxc3 Be7 7. Bf4 O-O 8. Be2 c5 9. Qd5 Nc6 10. O-O-O Bd7
11. Bxd6 Bxd6 12. Qxd6 b6 13. Qxd7 Qxd7 14. Rxd7 Rfe8 15. Bb5 Rac8 16. Rhd1 Red8 17. Rxd8+ Nxd8 18. Ne5 Ne6 19. Bd7 Rc7 20. Bxe6 fxe6
21. Rd8#
1-0

[Event "Autumn Standard"]
[Site "SchemingMind.com"]
[Date "2008.09.07"]
[Round "-"]
[White "cnile"]
[Black "1tamad"]
[Result "0-1"]
[WhiteCountry "SCO"]
[BlackCountry "USA"]
[WhiteElo "1542"]
[WhiteRD "72"]
[BlackElo "1764"]
[BlackRD "74"]
[GameID "170065"]

1. e4 e6 2. d4 d5 3. exd5 exd5 4. Bd3 Nf6 5. Nd2 Be7 6. Ngf3 O-O 7. c3 Bg4 8. h3 Bxf3 9. Nxf3 Ne4 10. Bf4 Re8
11. O-O Nf6 12. Qc2 c6 13. Rae1 Nbd7 14. Be3 Bd6 15. Bg5 Qc7 16. Bxf6 Nxf6 17. Ng5 h6 18. Nf3 Re7= 19. Rxe7 Bxe7 20. Re1 Bd6
21. Ne5 c5 22. Nf3 Rc8 23. dxc5 Bxc5 24. Bf5 Rd8 25. Nd4 Bxd4 26. Qd3 Bb6 27. Re5 Qxe5
0-1

[Event "Autumn Standard"]
[Site "SchemingMind.com"]
[Date "2008.09.06"]
[Round "-"]
[White "cnile"]
[Black "slotheman"]
[Result "1-0"]
[WhiteCountry "SCO"]
[BlackCountry "USA"]
[WhiteElo "1572"]
[WhiteRD "71"]
[BlackElo "1685"]
[BlackRD "95"]
[GameID "170066"]

1. e4 d6 2. d4 Nf6 3. Bd3 g6 4. c4 Bg7 5. Nc3 O-O 6. Nge2 e5 7. d5 c6 8. Bg5 h6 9. Bh4 Qc7 10. Rc1 Nbd7
11. f3 Nc5 12. Bb1 Rb8 13. Bf2 Rd8 14. a3 cxd5 15. cxd5 b5 16. Bd3 Bd7 17. b4 Nxd3+ 18. Qxd3 Qb7 19. Be3 Qa8 20. O-O a5
21. Kh1 axb4 22. axb4 Rdc8 23. Qd2 h5 24. Ra1 Qb7 25. Ra7 Kh7 26. Rxb7 Rxb7 27. Rc1 Rc4 28. Nd1 Ra7 29. Bxa7
1-0

[Event "Autumn Standard"]
[Site "SchemingMind.com"]
[Date "2008.09.07"]
[Round "-"]
[White "cnile"]
[Black "Artur"]
[Result "0-1"]
[WhiteCountry "SCO"]
[BlackCountry "POL"]
[WhiteElo "1542"]
[WhiteRD "72"]
[BlackElo "1905"]
[BlackRD "92"]
[GameID "170067"]

1. e4 e5 2. Nf3 Nf6 3. Nxe5 d6 4. Nf3 Nxe4 5. Nc3 Nxc3 6. dxc3 Nc6 7. Bf4 Be7 8. Bd3 O-O 9. Qd2 Bg4 10. Nd4 Ne5
11. Be2 Bxe2 12. Qxe2 Ng6 13. O-O-O Nxf4 14. Qe4 Bg5 15. h4 Nd3+ 16. Kb1 Nxf2 17. Qxb7 Nxd1 18. Rxd1 Bxh4 19. Qd5 Re8 20. Nf5 Bf6
21. g4 Re5 22. Qg2 Rb8 23. c4 Rxb2+ 24. Kxb2 Re2+ 25. Nd4 Bxd4+ 26. Rxd4 Rxg2
0-1

[Event "Autumn Standard"]
[Site "SchemingMind.com"]
[Date "2008.09.06"]
[Round "-"]
[White "cnile"]
[Black "ThulsaDoom"]
[Result "0-1"]
[WhiteCountry "SCO"]
[BlackCountry "USA"]
[WhiteElo "1542"]
[WhiteRD "68"]
[BlackElo "1732"]
[BlackRD "186"]
[GameID "170068"]

1. e4 e5 2. Nf3 Nc6 3. Bb5 a6 4. Bxc6 dxc6 5. O-O Qd6 6. d4 exd4 7. Qxd4 Qxd4 8. Nxd4 Bd7 9. Bf4 O-O-O 10. Nc3 Bc5
11. Rad1 Bg4 12. f3 Bxd4+ 13. Kh1 Be6
0-1

[Event "Autumn Standard"]
[Site "SchemingMind.com"]
[Date "2008.09.07"]
[Round "-"]
[White "cnile"]
[Black "jessieng"]
[Result "1-0"]
[WhiteCountry "SCO"]
[BlackCountry "BRU"]
[WhiteElo "1542"]
[WhiteRD "72"]
[BlackElo "1241"]
[BlackRD "105"]
[GameID "170069"]

1. e4 e5 2. Nf3 d6 3. Bc4 c6 4. Nc3 b5 5. Bb3 a5 6. a4 b4 7. Ne2 Nf6 8. d3 h6 9. h4 Be7 10. Bd2 O-O
11. Ng3 Bg4 12. Nf5 Bxf5 13. exf5 Nbd7 14. Qc1 c5 15. Bxh6 gxh6 16. Qxh6 Ng4 17. Bxf7+ Rxf7 18. Qg6+ Rg7 19. Qe6+ Rf7 20. Ng5
1-0

[Event "Autumn Standard"]
[Site "SchemingMind.com"]
[Date "2008.09.08"]
[Round "-"]
[White "capablanca"]
[Black "cnile"]
[Result "1-0"]
[WhiteCountry "GER"]
[BlackCountry "SCO"]
[WhiteElo "1664"]
[WhiteRD "52"]
[BlackElo "1542"]
[BlackRD "68"]
[GameID "170070"]

1. e4 c5 2. Nf3 Nc6 3. d4 cxd4 4. Nxd4 Nf6 5. f3 e6 6. Nc3 d6 7. Be3 a6 8. g4 Be7 9. f4 e5 10. Nf5 Qc7
11. Nxg7+ Kf8 12. Nf5 exf4 13. Bxf4 Ne5 14. g5 Nfg4 15. Nd5 Bxf5 16. Nxc7 Rc8 17. exf5 Rxc7 18. f6 Bd8 19. Qxd6+ Kg8 20. Qxd8#
1-0

[Event "Autumn Standard"]
[Site "SchemingMind.com"]
[Date "2008.09.06"]
[Round "-"]
[White "Zugzwang"]
[Black "cnile"]
[Result "1-0"]
[WhiteCountry "CAN"]
[BlackCountry "SCO"]
[WhiteElo "1491"]
[WhiteRD "59"]
[BlackElo "1542"]
[BlackRD "68"]
[GameID "170071"]

1. d4 e6 2. e4 d5 3. e5 c5 4. c3 Bd7 5. Nf3 Nc6 6. Bd3 Qb6 7. O-O cxd4 8. cxd4 Nxd4 9. Nxd4 Qxd4 10. Re1 Qb6
11. b3 Bc5 12. Be3 Ne7 13. Nd2 O-O 14. Bxc5 Qxc5 15. Re3 h6 16. Rg3 Bb5 17. Qg4 g5 18. Bxb5 Qxb5 19. Qh4 Ng6 20. Qxh6 Qe2
21. Rh3 Nh4 22. Nf3 Nxf3+ 23. gxf3 Qb2 24. Qh8#
1-0

[Event "Autumn Standard"]
[Site "SchemingMind.com"]
[Date "2008.09.07"]
[Round "-"]
[White "1tamad"]
[Black "cnile"]
[Result "1-0"]
[WhiteCountry "USA"]
[BlackCountry "SCO"]
[WhiteElo "1746"]
[WhiteRD "74"]
[BlackElo "1572"]
[BlackRD "71"]
[GameID "170072"]

1. d4 e6 2. e3 Nf6 3. Bd3 b6 4. Nf3 Bb7 5. O-O c5 6. c3 Nc6 7. e4 cxd4 8. cxd4 Nb4 9. Bg5 Nxd3 10. Qxd3 Be7
11. Nc3 O-O 12. Rac1 h6 13. Bh4 d6 14. Rfd1 Rc8 15. h3 d5 16. Bxf6 Bxf6 17. e5 Be7 18. a3 Qd7 19. Nh2 Rc6 20. Qg3 Rfc8
21. Ng4 a5 22. Nxh6+ Kf8 23. Ng4 b5 24. Qe3 b4 25. axb4 Bxb4 26. Ne2 Rxc1 27. Rxc1 Rxc1+ 28. Qxc1 Ba6 29. Nc3 Qc6 30. Ne3 Qb6
31. Qd1 Be7 32. b3 Qxb3 33. Qxb3
1-0

[Event "Autumn Standard"]
[Site "SchemingMind.com"]
[Date "2008.09.06"]
[Round "-"]
[White "slotheman"]
[Black "cnile"]
[Result "0-1"]
[WhiteCountry "USA"]
[BlackCountry "SCO"]
[WhiteElo "1675"]
[WhiteRD "85"]
[BlackElo "1579"]
[BlackRD "72"]
[GameID "170073"]

1. e4 c6 2. d4 d5 3. exd5 cxd5 4. Bd3 Nf6 5. c3 Nc6 6. Bf4 Qb6 7. Qc2 h6 8. Nf3 Bg4 9. Nbd2 e6 10. h3 Bxf3
11. Nxf3 Be7 12. O-O O-O 13. Ne5 Rac8 14. Rfe1 Nb4 15. Qe2 Nxd3 16. Qxd3 Qxb2 17. Qd2 Qxc3 18. Rab1 Qxd2 19. Bxd2 Rc7 20. Rec1 Rfc8
21. Nd3 b6 22. Rb3 Ne4 23. Rxc7 Rxc7 24. Be1 Bf6 25. f3 Ng5 26. Bg3 Rc2 27. h4 Nh7 28. Bb8 Rxa2 29. Ne5 Bxh4 30. Rc3 Bg3
31. Rc8+ Nf8 32. Rc1 Kh7 33. Rf1 Ng6 34. f4 Nxe5 35. Bxe5 b5 36. f5 Bxe5 37. dxe5 exf5 38. Rxf5 Kg6 39. Rf4 a5 40. Rg4+ Kh7
41. Rd4 b4 42. Rxd5 a4 43. Kf1 b3 44. Rb5 b2 45. Ke1 Ra1+
0-1

[Event "Autumn Standard"]
[Site "SchemingMind.com"]
[Date "2008.09.07"]
[Round "-"]
[White "Artur"]
[Black "cnile"]
[Result "1-0"]
[WhiteCountry "POL"]
[BlackCountry "SCO"]
[WhiteElo "1905"]
[WhiteRD "92"]
[BlackElo "1542"]
[BlackRD "72"]
[GameID "170074"]

1. e4 c6 2. d4 d5 3. Nc3 dxe4 4. Nxe4 Bf5 5. Ng3 Bg6 6. Nf3 e6 7. Ne5 Nd7 8. Nf3 h6 9. Bd3 Bxd3 10. Qxd3 Ngf6
11. O-O Nb6 12. Bf4 Nbd5 13. Be5 Ng4 14. c4 Nb6 15. Bf4 Be7 16. h3 Nf6 17. c5 Nbd5 18. Be5 O-O 19. b4 Nxb4 20. Qb3 a5
21. a3 Nbd5 22. Qxb7 Nd7 23. Qxc6 Nxe5 24. Nxe5 Rc8 25. Qa4 Nf6 26. Rab1 Nd5 27. Rb7 Bf6 28. Nd7 Bh4 29. Ne4 Rc7 30. Rxc7 Qxc7
31. Nxf8 Kxf8 32. Nd6 Qe7 33. Qxa5 Kg8 34. Qa8+ Kh7 35. Nf5 exf5 36. Qxd5 Qe2 37. Qxf5+ Kg8 38. c6 Qc4 39. Qc8+ Kh7 40. Qd7 Bxf2+
41. Rxf2 Qc1+ 42. Kh2 Qxa3 43. Rxf7 Qa4 44. Qf5+ Kg8 45. Rf8#
1-0

[Event "Autumn Standard"]
[Site "SchemingMind.com"]
[Date "2008.09.07"]
[Round "-"]
[White "ThulsaDoom"]
[Black "cnile"]
[Result "1/2-1/2"]
[WhiteCountry "USA"]
[BlackCountry "SCO"]
[WhiteElo "1764"]
[WhiteRD "152"]
[BlackElo "1542"]
[BlackRD "72"]
[GameID "170075"]

1. e4 c5 2. Nf3 Nc6 3. d4 cxd4 4. Nxd4 Nf6 5. Nc3 e6 6. Ndb5 Bb4 7. a3 Bxc3+ 8. Nxc3 d5 9. exd5 exd5 10. Bd3 O-O
11. O-O Be6 12. Bg5 h6 13. Bh4 Rc8 14. Qf3 Ne5 15. Qd1 Nxd3 16. Qxd3 d4 17. Ne4 Bc4 18. Nxf6+ gxf6 19. Qg3+ Kh7 20. Rfe1 Rg8
21. Qf3 Bd5 22. Qxf6 Rxg2+ 23. Kf1 Qxf6 24. Bxf6 Rcg8 25. Ke2 Bc4+ 26. Kf3 Bd5+ 27. Ke2= Re8+ 28. Kf1 Reg8 29. Ke2 Bc4+ 30. Kf3 Bd5+
31. Ke2 Bc4+ 32. Kf3 Bd5+=
1/2-1/2

[Event "Autumn Standard"]
[Site "SchemingMind.com"]
[Date "2008.09.07"]
[Round "-"]
[White "jessieng"]
[Black "cnile"]
[Result "0-1"]
[WhiteCountry "BRU"]
[BlackCountry "SCO"]
[WhiteElo "1186"]
[WhiteRD "98"]
[BlackElo "1572"]
[BlackRD "71"]
[GameID "170076"]

1. e4 c6 2. d4 d5 3. exd5 cxd5 4. Nf3 Nf6 5. g3 Bg4 6. Bg2 e6 7. O-O Nc6 8. c3 Be7 9. Na3 O-O 10. h3 Bh5
11. g4 Bg6 12. c4 dxc4 13. Nxc4 Be4 14. Be3 Nd5 15. Nh2 Bxg2 16. Kxg2 Nxe3+ 17. Nxe3 Nxd4 18. Qc1 Bh4 19. f3 Qd6 20. Nc4 Qg3+
21. Kh1 Rac8 22. Rg1 Qc7 23. Rd1 Qxc4 24. Qxc4 Rxc4 25. Nf1 Nxf3 26. Kg2 Ng5 27. Ne3 Re4 28. Nf1 Rc8 29. Ng3 Rc2+
0-1